| 000 | 01142cam a22003257a 4500 | ||
|---|---|---|---|
| 003 | CHAP | ||
| 005 | 20220329135919.0 | ||
| 008 | 971013s1951 r 00010 d | ||
| 010 | _a44018 | ||
| 011 | _a44990 | ||
| 035 | _a49129 | ||
| 040 | _cCHAP | ||
| 082 |
_a635 _bT35Y 1951 |
||
| 100 | 0 | 0 |
_aTamaro, Domenico. _9111518 |
| 245 | 0 | _aManual de horticultura | |
| 260 |
_aBarcelona : _bGili, _c1951. |
||
| 300 |
_a511 p. _b: ilus. |
||
| 500 | _aTrad. de la 9 ed. en italiano de 1951? | ||
| 590 |
_aBATCH-UPD _b10 _c20130110 _lUCH01 _h0302 |
||
| 590 |
_aBATCH-UPD _b10 _c20130110 _lUCH01 _h1751 |
||
| 590 |
_aCONVERSION _b10 _c20130109 _lUCH01 _h1324 |
||
| 650 | 1 | 4 |
_aHorticultura. _956291 |
| 901 | _aBK | ||
| 942 | _cLIBRO | ||
| 949 |
_a635 T35Y 1951 _bBC _cBPA _d33724000249983 _eBPA _fc.2 _h23971 _i49129 _si |
||
| 949 |
_a635 T35Y 1951 _bBC _cBPA _d33724000249991 _eBPA _fc.3 _h23972 _i49129 _si |
||
| 949 |
_a635 T35Y 1951 _bBC _cLIBRO _d-110911 _eLIBRO _fc.8 _i49129 _si |
||
| 949 |
_a635 T35Y 1951 _bBC _cLIBRO _d33724000901054 _eLIBRO _fc.4 _h51634 Sust.X _i49129 _mExtraviado _si |
||
| 949 |
_a635 T35Y 1951 _bBC _cLIBRO _d33724000904264 _eLIBRO _h27722 _i49129 _si |
||
| 999 |
_c44018 _d44018 |
||